Orden Coxoplectoptera/ (Record no. 3016)

MARC details
000 -LEADER
campo de control de longitud fija 00808nam a22002297a 4500
003 - IDENTIFICADOR DE NÚMERO DE CONTROL
campo de control OSt
005 - FECHA Y HORA DE LA ÚLTIMA TRANSACCIÓN
campo de control 20230201142240.0
008 - DATOS DE LONGITUD FIJA--INFORMACIÓN GENERAL
campo de control de longitud fija 221006b |||||||| |||| 00| 0 eng d
040 ## - FUENTE DE CATALOGACIÓN
Centro/agencia transcriptor Biblioteca Lado V
082 ## - NÚMERO DE LA CLASIFICACIÓN DECIMAL DEWEY
Número de clasificación 595.7
Número de ítem S194o
100 ## - ENTRADA PRINCIPAL--NOMBRE DE PERSONA
9 (RLIN) 714
Nombre de persona Sanchez, Daniela
Término indicativo de función/relación autora
245 ## - MENCIÓN DEL TÍTULO
Título Orden Coxoplectoptera/
Resto del título Origen, Morfología y Distribución/
260 ## - PUBLICACIÓN, DISTRIBUCIÓN, ETC.
Lugar de publicación, distribución, etc. Costa Rica
Nombre del editor, distribuidor, etc. Ediciones 1390
Fecha de publicación, distribución, etc. 2017
300 ## - DESCRIPCIÓN FÍSICA
Dimensiones 13x17cm
Extensión 61p.
490 ## - MENCIÓN DE SERIE
Designación de volumen o secuencia volumen II
650 #0 - PUNTO DE ACCESO ADICIONAL DE MATERIA--TÉRMINO DE MATERIA
Fuente del encabezamiento o término Tesauro de Arte & Arquitectura
Término de materia o nombre geográfico como elemento de entrada LITERATURA
9 (RLIN) 702
650 ## - PUNTO DE ACCESO ADICIONAL DE MATERIA--TÉRMINO DE MATERIA
Fuente del encabezamiento o término Tesauro de Arte & Arquitectura
Término de materia o nombre geográfico como elemento de entrada ARTROPODOS
650 ## - PUNTO DE ACCESO ADICIONAL DE MATERIA--TÉRMINO DE MATERIA
Fuente del encabezamiento o término Tesauro de Arte & Arquitectura
Término de materia o nombre geográfico como elemento de entrada INVESTIGACION
650 ## - PUNTO DE ACCESO ADICIONAL DE MATERIA--TÉRMINO DE MATERIA
Fuente del encabezamiento o término Tesauro de Arte & Arquitectura
Término de materia o nombre geográfico como elemento de entrada MORFOLOGIA
700 ## - ENTRADA AGREGADA--NOMBRE PERSONAL
Nombre de persona Morales, Agusto
Término indicativo de función/relación autor (Colaborador)
942 ## - ELEMENTOS DE ENTRADA SECUNDARIOS (KOHA)
Fuente del sistema de clasificación o colocación Clasificación Decimal Dewey
Tipo de ítem Koha Libros
Parte de la signatura que corresponde a la clasificación (Parte de la clasificación) 595.7
Parte de la signatura que identifica el ejemplar (Parte del ítem) S194o
Suprimir en OPAC No
Holdings
Estatus retirado Estado de pérdida Fuente del sistema de clasificación o colocación Estado de daño No para préstamo Biblioteca de origen Biblioteca actual Ubicación en estantería Fecha de adquisición Número de inventario Total de préstamos Signatura topográfica completa Código de barras Visto por última vez Precio de reemplazo Tipo de ítem Koha
    Clasificación Decimal Dewey     Biblioteca LadoV Biblioteca LadoV Planoteca 01/02/2023 005119   595.7 S194o 005119 01/02/2023 01/02/2023 Libros
    Clasificación Decimal Dewey     Biblioteca LadoV Biblioteca LadoV Planoteca 01/02/2023 005120   595.7 S194o 005120 01/02/2023 01/02/2023 Libros